Η επικοινωνία στις επιχειρήσεις και στην προσωπική ζωή
Αποθηκεύτηκε σε:
| Κύριος συγγραφέας: | |
|---|---|
| Μορφή: | Βιβλίο |
| Γλώσσα: | Greek |
| Δημοσίευση: |
Αθήνα :
Interbooks,
c2002.
|
| Θέματα: | |
| Ετικέτες: |
Προσθήκη ετικέτας
Δεν υπάρχουν, Καταχωρήστε ετικέτα πρώτοι!
|
MARC
| LEADER | 00000cam a2200000 i 4500 | ||
|---|---|---|---|
| 001 | 1/16155 | ||
| 008 | 111102s2002####gr | ||| |||| ||gre|| | ||
| 020 | |a 9603901032 | ||
| 035 | |l 10111254 | ||
| 040 | |a GR-MyUA |b gre |e AACR2 | ||
| 041 | 0 | |a gre | |
| 082 | 0 | |a 658.45 |2 (22) | |
| 100 | 1 | |a Κατσαλής, Αντώνης Ε. | |
| 245 | 1 | 2 | |a Η επικοινωνία στις επιχειρήσεις και στην προσωπική ζωή / |c Αντώνης Ε. Κατσαλής. |
| 260 | |a Αθήνα : |b Interbooks, |c c2002. | ||
| 300 | |a 482 σ. ; |c 24 εκ. | ||
| 650 | 0 | 0 | |a Communication in management. |
| 650 | 0 | 0 | |a Communication in organizations. |
| 650 | 0 | 0 | |a Business communication. |
| 852 | |a INST |b SAMOS |e 20150701 |h 658.45 ΚΑΤ |p 005300042321 |q 005300042321 |t BK |y 0 | ||
| 852 | |a INST |b SAMOS |c EUDOXUS |e 20111102 |h 658.45 ΚΑΤ |p 005300032403 |q 005300032403 |t EDX |y 0 | ||
| 852 | |a INST |b SAMOS |c EUDOXUS |e 20130221 |h 658.45 ΚΑΤ |p 005300033411 |q 005300033411 |t EDX |y 0 | ||
| 852 | |a INST |b SAMOS |c EUDOXUS |e 20130221 |h 658.45 ΚΑΤ |p 005300033412 |q 005300033412 |t EDX |y 0 | ||
| 852 | |a INST |b SAMOS |c EUDOXUS |e 20140116 |h 658.45 ΚΑΤ |p 005300036256 |q 005300036256 |t EDX |y 0 | ||
| 901 | |a BIBL3-2014-1 | ||
| 901 | |a BIBL3-2013-1 | ||
| 901 | |a BIBL3-2011-2 | ||
| 909 | |a Σ |b 184472 | ||
| 909 | |a Σ |b 172606 | ||
| 909 | |a Σ |b 172605 | ||
| 909 | |a Σ |b 171761 | ||
| 920 | |a ΕΥΔΟΞΟΣ |b ΠΑΡΑΓΓΕΛΙΑ-ΤΣΧΑΜ |y Σάμος |z 2013-12 | ||
| 920 | |a ΕΥΔΟΞΟΣ |b ΠΑΡΑΓΓΕΛΙΑ |y Σάμος-ΤΣΑΧΜ |z 2013-02 | ||
| 920 | |a ΕΥΔΟΞΟΣ |b ΕΠΙΣΤΡΟΦΗ |y Σάμος |z 2011-10 | ||
| 970 | |a ΓΟΥΒΑΛΑ |b ΒΑΣΩ |z 2011/11/02 | ||